000 00406nam a2200169Ia 4500
008 140626s9999 xx 000 0 und d
100 _aNachura, Celia.
245 4 _aThe Spirit of Santorini /
_cCelia Nachura.
260 _cc2013.
300 _a5 : 7, page 24
440 _aView
521 _aTOU
650 _aResort.
650 _aSantorini.
650 _aWorld-class destination.
942 _cSE
999 _c121113
_d121113